000 02396cam a22005178i 4500
001 21097969
003 NUST
005 20220825161514.0
006 m |o d |
007 cr |||||||||||
008 190717s2020 mau ob 000 0ceng
010 _a 2019024942
020 _a9781328603531
_q(ebook)
020 _z9781328604392
_q(hardback)
040 _aDLC
_beng
_cDLC
_erda
042 _apcc
043 _an-us---
_an-us-va
_an-us-tx
050 0 0 _aE342.1
082 0 0 _a973.510922
_bKEA
100 1 _aKearse, Bettye,
_eauthor.
_997659
245 1 4 _aThe Other Madisons :
_bthe lost history of a president's Black family
_cBettye Kearse.
246 3 0 _aLost history of a president's Black family
260 _aBoston :
_bHoughton Mifflin Harcourt,
_c2020
263 _a2003
300 _a253p
336 _atext
_btxt
_2rdacontent
337 _acomputer
_bc
_2rdamedia
338 _aonline resource
_bcr
_2rdacarrier
504 _aIncludes bibliographical references.
505 0 _aThe new Griotte -- The box -- Family stories -- Footsteps -- Living history -- Destination Jim Crow -- The dentist -- Beads -- The castle -- The museum -- "Visiting" -- Sanctuaries -- In search of the President's son -- Elizabeth -- Free! -- Gramps -- New York memorial -- The plantation's tale -- History. Heritage. Memory.
520 _a"A descendant of a slave named Coreen, and-according to oral tradition-her owner, President James Madison, finally shares her family's story."--
_cProvided by publisher.
588 _aDescription based on print version record and CIP data provided by publisher; resource not viewed.
600 1 0 _aMadison, James,
_d1751-1836
_xFamily.
_997660
600 1 0 _aMadison, James,
_d1751-1836
_xrelations with African Americans.
_997661
600 3 0 _aMadison family.
_997662
600 0 0 _aMandy,
_dactive 18th century.
_997663
600 0 0 _aCoreen,
_dactive 18th century.
_997664
650 0 _aAfrican American families
_xHistory.
_997665
650 0 _aRacially mixed people
_zUnited States.
_997666
650 0 _aSlaves
_zVirginia
_xHistory.
_997667
650 0 _aFreedmen
_zTexas
_xHistory.
_997668
776 0 8 _iPrint version:
_aKearse, Bettye.
_tThe Other Madisons
_dBoston : Houghton Mifflin Harcourt, [2020]
_z9781328604392
_w(DLC) 2019024941
906 _a7
_bcbc
_corignew
_d1
_eecip
_f20
_gy-gencatlg
942 _2ddc
_cLC
999 _c591129
_d591129